Statistics for Alphabetic Roman Numerals

Click here to take the quiz!

General Stats

  • This quiz has been taken 692 times
  • The average score is 21 of 41

Answer Stats

Answer% Correct
I
100%
X
95%
V
94%
C
93%
M
91%
L
90%
D
88%
IV
80%
IX
77%
CI
62%
CX
62%
LX
60%
CV
59%
LV
56%
CD
55%
CL
54%
DI
50%
CM
48%
DX
48%
MX
48%
CIV
47%
DV
45%
CIX
44%
DL
44%
MV
40%
CLX
35%
CDI
34%
CLV
34%
DIX
32%
CDV
31%
CDX
31%
DIV
31%
CDIV
29%
CDIX
28%
DLX
24%
CDL
23%
DLV
23%
CMX
20%
CDLX
19%
CDLV
17%
CMV
17%

Score Distribution

Percentile by Number Answered

Percent of People with Each Score

Your Score History

You have not taken this quiz